| 000 | 00551nam a2200193 a 4500 | ||
|---|---|---|---|
| 001 | 804 | ||
| 003 | CDMR | ||
| 005 | 20131202180159.0 | ||
| 008 | 130130s1989||||||||||||||||||||||||||||d | ||
| 020 | _a8477540497 | ||
| 040 |
_aCDMR _bcat _cCDMR |
||
| 100 | 1 |
_aBenito, Ángel _9631 |
|
| 245 | 1 | 0 |
_aEcología de la comunicación de masas _cÁngel Benito |
| 260 |
_aMadrid _c1989 _bEUDEMA |
||
| 490 | 0 |
_aEUDEMA Universidad. _aTextos de Apoyo |
|
| 650 | 0 | 4 |
_93156 _aSocietat de la informació |
| 650 | 0 | 4 |
_92305 _aComunicació _xAspectes polítics |
| 942 |
_cMON _2udc |
||
| 999 |
_c804 _d804 |
||